000 00435nam a2200145Ia 4500
008 220217s9999||||xx |||||||||||||| ||und||
020 _a9789387886070
082 _a005.133 DAS
100 _aDas, Sumitabha
_91470
245 0 _aComputer fundamentals and C programming
250 _a1
260 _aMcGraw Hill Education (India) Private Limited
_bNew Delhi
_c2018
300 _aXXVI, 645p.
_b495
650 _aPROGRAMMING LANGUAGE
999 _c188676
_d188676